000 00571nam a2200157Ia 4500
008 151213s9999 xx 000 0 und d
100 _aশৈলেন্দ্র বিশ্বাস।
245 _aসংসদ বাংলা অভিধান।
_cশৈলেন্দ্র বিশ্বাস।
250 _a৫ম সং
260 _aকলকাতা
_bসাহিত্য সংসদ
_c2005
300 _a2612 p.
650 _aDictionary
650 _aReference
700 _aশৈলেন্দ্র বিশ্বাস।
999 _c1735
_d1735